[Event "SC for rating <1400"]
[Site "SchemingMind.com"]
[Date "2006.06.12"]
[Round "-"]
[White "knightrider"]
[Black "Manfred Kraut"]
[Result "1-0"]
[WhiteCountry "USA"]
[BlackCountry "GER"]
[WhiteElo "1374"]
[WhiteRD "61"]
[BlackElo "1231"]
[BlackRD "82"]
[GameID "55030"]

1. e4 e5 2. Nf3 Nc6 3. Bc4 h6 4. Nc3 Bc5 5. O-O Nf6 6. a3 a6 7. d3 Nd4 8. Nxe5 O-O 9. b4 d6 10. Nf3 Nxf3+
11. Qxf3 Bg4 12. Qg3 c6 13. bxc5 dxc5 14. e5 Qd4 15. Ne4 Qxa1 16. exf6 h5 17. Bh6 gxh6 18. Rxa1 b5 19. Qf4 bxc4 20. Qxh6 Rae8
21. Qg7#
1-0

[Event "SC for rating <1400"]
[Site "SchemingMind.com"]
[Date "2006.06.12"]
[Round "-"]
[White "Manfred Kraut"]
[Black "knightrider"]
[Result "1-0"]
[WhiteCountry "GER"]
[BlackCountry "USA"]
[WhiteElo "1231"]
[WhiteRD "82"]
[BlackElo "1374"]
[BlackRD "61"]
[GameID "55031"]

1. e4 c5 2. d4 cxd4 3. c3 Nf6 4. e5 Nd5 5. cxd4 e6 6. Nc3 d6 7. Qa4+ Bd7 8. Qc4 Nb6 9. Qd3 d5 10. Nf3 Be7
11. Be2 O-O 12. Bd1 Nc6 13. O-O f6 14. Bc2 fxe5 15. dxe5 Nc4 16. Qxh7+ Kf7 17. Bg6#
1-0

[Event "SC for rating <1400"]
[Site "SchemingMind.com"]
[Date "2006.06.12"]
[Round "-"]
[White "iain"]
[Black "Manfred Kraut"]
[Result "0-1"]
[WhiteCountry "USA"]
[BlackCountry "GER"]
[WhiteElo "1349"]
[WhiteRD "61"]
[BlackElo "1231"]
[BlackRD "82"]
[GameID "55045"]

1. e4 e5 2. Nf3 f5 3. d3 d6 4. Be2 f4 5. O-O Nc6 6. d4 Qf6 7. dxe5 dxe5 8. Nc3 Qg6 9. Bd3 Bh3 10. g3 Bxf1
11. Bxf1 fxg3 12. fxg3 Bc5+ 13. Kg2 Nf6 14. Bc4 Rd8 15. Qe2 Nd4 16. Bd3 Nxe2 17. Nxe5 Qh5 18. Nxe2 Qxe5 19. Bf4 Qxb2 20. Rf1 Rxd3
21. Bxc7 Qxc2
0-1

[Event "SC for rating <1400"]
[Site "SchemingMind.com"]
[Date "2006.06.12"]
[Round "-"]
[White "iain"]
[Black "knightrider"]
[Result "1-0"]
[WhiteCountry "USA"]
[BlackCountry "USA"]
[WhiteElo "1349"]
[WhiteRD "61"]
[BlackElo "1374"]
[BlackRD "61"]
[GameID "55046"]

1. e4 c5 2. Nf3 g6 3. d4 Bg7 4. c3 d5 5. Bd3 dxe4 6. Bxe4 Nf6 7. Nbd2 c4 8. O-O Qc7 9. Ne5 Nxe4 10. Nxe4 h6
11. Nc5 O-O 12. Nxc4 b5 13. Ne3 Nc6 14. Nd5 Qd6 15. Nb4 a5 16. Nxc6 Qxc6 17. a4 e5 18. axb5 Qxb5 19. Ne4 Qc6 20. Ng3 Bb7
21. f3 Rad8 22. Be3 Ba6 23. Re1 Qb6 24. Qc1 exd4 25. cxd4 Bxd4 26. Bxd4 Rxd4 27. Kh1 Rc4 28. Qd2 Rb4 29. Rab1 a4 30. Ne4 f5
31. Nc3 Rd4 32. Qxh6 Rd7 33. Nxa4 Qc7 34. Qxg6+ Rg7 35. Qxa6 Rh7 36. h3 f4 37. Qe6+ Qf7 38. Nc5 Qxe6 39. Rxe6 Kg7 40. b4 Rf6
41. Re7+ Kg6 42. Rxh7 Kxh7 43. Ne4 Rg6 44. b5
1-0

[Event "SC for rating <1400"]
[Site "SchemingMind.com"]
[Date "2006.06.13"]
[Round "-"]
[White "Manfred Kraut"]
[Black "iain"]
[Result "0-1"]
[WhiteCountry "GER"]
[BlackCountry "USA"]
[WhiteElo "1284"]
[WhiteRD "68"]
[BlackElo "1376"]
[BlackRD "56"]
[GameID "55047"]

1. e4 d6 2. d4 Nf6 3. Nc3 g6 4. Nf3 Bg7 5. Be2 O-O 6. O-O c5 7. dxc5 dxc5 8. Bc4 e6 9. e5 Ng4 10. Ng5 Qxd1
11. Rxd1 Nxe5 12. Be2 Nbc6 13. Nb5 a6 14. Nd6 Nd4 15. Kf1 f6 16. Nge4 Nxe2 17. Kxe2 f5 18. Nxc5 b6 19. Nb3 Ng4 20. h3 Ne5
21. Bf4 a5 22. Nd4 Ba6+ 23. Ke3 Nc4+ 24. Kf3 e5 25. Ne6 exf4 26. Nxf8 Ne5+ 27. Kxf4 Rxf8 28. b3 Be2 29. Rd2 Ba6 30. c4 Nd7
31. Rad1 Nc5 32. Rd5 Ne4 33. f3 Nc3 34. g4 Nxd1 35. Rxd1 Rd8 36. Rd5 Bf8 37. Ke5 fxg4 38. fxg4 Bg7+ 39. Ke6 Kf8 40. Nf7 Rxd5
41. cxd5 Bc8+ 42. Kd6 Kxf7 43. Kc7 Ba6 44. Kxb6 Bf1 45. d6 Ke8 46. Kc7 Be5 47. Kc6 Bg2+ 48. Kc5 Kd7 49. b4 axb4 50. Kxb4 Bxd6+
51. Kb3 Bxh3 52. g5 Be6+ 53. Kb2 Bf4 54. a4 Bxg5 55. a5 Bc4 56. Ka3 h5 57. Kb4 Be2 58. Kc5 h4 59. Kd4 h3
0-1

[Event "SC for rating <1400"]
[Site "SchemingMind.com"]
[Date "2006.06.12"]
[Round "-"]
[White "knightrider"]
[Black "iain"]
[Result "1-0"]
[WhiteCountry "USA"]
[BlackCountry "USA"]
[WhiteElo "1374"]
[WhiteRD "61"]
[BlackElo "1349"]
[BlackRD "61"]
[GameID "55048"]

1. e4 d6 2. d4 Nf6 3. Nc3 g6 4. Nf3 Bg7 5. Be2 O-O 6. O-O c5 7. d5 e6 8. Bc4 exd5 9. exd5 Nbd7 10. Bf4 Nb6
11. Be2 Nh5 12. Qd2 Nxf4 13. Qxf4 Nc4 14. Bxc4 a6 15. Ne4 b5 16. Be2 Bb7 17. Rad1 Rb8 18. c4 bxc4 19. Bxc4 f5 20. Neg5 Bh6
21. Qh4 Bxg5 22. Nxg5 h5 23. Qf4 a5 24. Ne6 Qf6 25. Nxf8 Kxf8 26. a4 g5 27. Qd2 Ra8 28. Bb5 g4 29. Bc6 Bxc6 30. dxc6 Ke7
31. Rde1+ Kd8 32. Qd5 Kc7 33. Re6 Qf8 34. Rfe1
1-0

[Event "SC for rating <1400"]
[Site "SchemingMind.com"]
[Date "2006.06.12"]
[Round "-"]
[White "mart_r3000"]
[Black "Manfred Kraut"]
[Result "0-1"]
[WhiteCountry "ENG"]
[BlackCountry "GER"]
[WhiteElo "1246"]
[WhiteRD "56"]
[BlackElo "1284"]
[BlackRD "68"]
[GameID "55083"]

1. e4 e5 2. Nf3 Nc6 3. d4 exd4 4. Nxd4 Bc5 5. c3 Nf6 6. Bg5 h6 7. Be3 Nxe4 8. Bd3 d5 9. O-O Bf5 10. Nxf5 Bxe3
11. Nxe3 O-O 12. Nf5 Qf6 13. Qg4 Ne5 14. Qf3 c6 15. Qh3 Nxd3 16. f3 Ng5 17. Qg4 Rfe8 18. Nd2 Nxb2 19. f4 Ne4 20. Nf3 Nxc3
21. Kh1 Ne4 22. Rae1 Nd3 23. Re2 b5 24. Rc2 a5 25. Rxc6 Ndf2+ 26. Rxf2 Nxf2+ 27. Kg1 Nxg4 28. Rxf6 gxf6 29. h3 Ne3 30. Nxh6+ Kg7
31. Ng4 Nxg4 32. hxg4 Re4 33. g3 d4 34. g5 fxg5 35. Nxg5 Re2 36. Nf3 Rd8 37. Kf1 Rxa2 38. g4 d3 39. Ke1 Kg6 40. f5+ Kf6
0-1

[Event "SC for rating <1400"]
[Site "SchemingMind.com"]
[Date "2006.06.12"]
[Round "-"]
[White "mart_r3000"]
[Black "iain"]
[Result "1-0"]
[WhiteCountry "ENG"]
[BlackCountry "USA"]
[WhiteElo "1311"]
[WhiteRD "55"]
[BlackElo "1349"]
[BlackRD "61"]
[GameID "55084"]

1. e4 d6 2. Nc3 Nf6 3. d4 g6 4. d5 Bg7 5. Bb5+ c6 6. dxc6 bxc6 7. Ba4 O-O 8. Nf3 Bd7 9. e5 Ng4 10. O-O Nxe5
11. Ng5 c5 12. Qd5 Nbc6 13. f4 e6 14. Qxd6 h6 15. Nge4 c4 16. fxe5 Bxe5 17. Qd2 Qc7 18. g3 f5 19. Qxh6 Ne7 20. Ng5 Rfb8
21. Qh7+ Kf8 22. Qf7#
1-0

[Event "SC for rating <1400"]
[Site "SchemingMind.com"]
[Date "2006.06.12"]
[Round "-"]
[White "mart_r3000"]
[Black "knightrider"]
[Result "0-1"]
[WhiteCountry "ENG"]
[BlackCountry "USA"]
[WhiteElo "1311"]
[WhiteRD "55"]
[BlackElo "1374"]
[BlackRD "61"]
[GameID "55085"]

1. e4 c5 2. Nf3 Nc6 3. Nc3 Nf6 4. e5 Nh5 5. Ng5 g6 6. Bc4 Nxe5 7. Bd5 e6 8. Bb3 Bh6 9. Qe2 Qxg5 10. g3 Qe7
11. Qxe5 O-O 12. Nd5 Qd8 13. Ba4 exd5 14. b4 Bg7 15. Qxd5 Bxa1 16. O-O d6 17. c3 cxb4 18. cxb4 Be6 19. Qd3 Bh3 20. Re1 d5
21. Qb1 d4 22. Qxa1 Qd5
0-1

[Event "SC for rating <1400"]
[Site "SchemingMind.com"]
[Date "2006.06.13"]
[Round "-"]
[White "Manfred Kraut"]
[Black "mart_r3000"]
[Result "1-0"]
[WhiteCountry "GER"]
[BlackCountry "ENG"]
[WhiteElo "1284"]
[WhiteRD "68"]
[BlackElo "1246"]
[BlackRD "56"]
[GameID "55086"]

1. e4 e5 2. Nc3 Nf6 3. Bc4 Nc6 4. Nf3 h6 5. d3 Bc5 6. O-O d5 7. exd5 Nd4 8. Be3 Nxf3+ 9. Qxf3 Bg4 10. Qg3 O-O
11. Qxe5 Nd7 12. Qg3 f5 13. d6+ Kh7 14. dxc7 Qf6 15. h3 f4 16. Qxf4 Qg6 17. Qxg4 Ne5 18. Qxg6+ Kxg6 19. d4 Bd6 20. dxe5 Bxe5
21. Bd3+ Kf6 22. Nd5+ Ke6 23. Be4 Rf7 24. f4 Bxb2 25. Rab1 Ba3 26. Rxb7 Rff8 27. Bd4 Kd7 28. g3 Kc8 29. Ne7+ Bxe7 30. Bf5+ Kxb7
31. Be4+ Kxc7 32. Bxa8 Rxa8 33. Bxg7 Bc5+ 34. Kg2 h5 35. g4 h4 36. f5 Re8 37. f6 Re2+ 38. Kf3 Rh2 39. f7 Rxh3+ 40. Kf4 Kc6
41. g5 Kd5 42. Kg4 Rh2 43. Rf5+ Ke4 44. Rxc5 Ke3 45. f8=Q h3 46. Qf3+ Kd2 47. Qf4+ Ke1 48. Qxh2
1-0

[Event "SC for rating <1400"]
[Site "SchemingMind.com"]
[Date "2006.06.12"]
[Round "-"]
[White "iain"]
[Black "mart_r3000"]
[Result "1-0"]
[WhiteCountry "USA"]
[BlackCountry "ENG"]
[WhiteElo "1349"]
[WhiteRD "61"]
[BlackElo "1311"]
[BlackRD "55"]
[GameID "55087"]

1. e4 e5 2. Nf3 Nc6 3. Be2 Nf6 4. Nc3 Be7 5. O-O d5 6. exd5 Nxd5 7. Nxd5 Qxd5 8. c4 Qe6 9. b3 e4 10. Bb2 Qh6
11. Ne5 Nxe5 12. Bxe5 Qg6 13. Bg3 h5 14. Bxc7 Bh3 15. Bg3 h4 16. gxh3 hxg3 17. fxg3 Bc5+ 18. Kg2 Qc6 19. h4 e3+ 20. Bf3 Qg6
21. dxe3 Rxh4 22. Bxb7 Rb8 23. Bd5 Kf8 24. Bxf7 Qg5 25. Be6+ Ke7 26. Qd7#
1-0

[Event "SC for rating <1400"]
[Site "SchemingMind.com"]
[Date "2006.06.13"]
[Round "-"]
[White "knightrider"]
[Black "mart_r3000"]
[Result "0-1"]
[WhiteCountry "USA"]
[BlackCountry "ENG"]
[WhiteElo "1374"]
[WhiteRD "61"]
[BlackElo "1311"]
[BlackRD "55"]
[GameID "55088"]

1. e4 e5 2. Nf3 Nc6 3. Bb5 Nf6 4. O-O a6 5. Bc4 Nxe4 6. d3 Nf6 7. Nc3 d5 8. d4 dxc4 9. dxe5 Qxd1 10. Nxd1 Ne4
11. Re1 Bf5 12. Ne3 Bg6 13. Nxc4 Bc5 14. Be3 O-O-O 15. Bxc5 Nxc5 16. c3 b5 17. b4 Nd3 18. Re3 bxc4 19. e6 fxe6 20. Rxe6 Rd6
21. Rxd6 cxd6 22. a4 Re8 23. b5 axb5 24. axb5 Ne7 25. Ra8+ Kb7 26. Ra1 Nd5 27. Ra4 Ne5 28. Nxe5 Rxe5 29. Ra5 Re1#
0-1

[Event "SC for rating <1400"]
[Site "SchemingMind.com"]
[Date "2006.06.14"]
[Round "-"]
[White "Neutrino"]
[Black "Manfred Kraut"]
[Result "1-0"]
[WhiteCountry "EGY"]
[BlackCountry "GER"]
[WhiteElo "1463"]
[WhiteRD "82"]
[BlackElo "1321"]
[BlackRD "70"]
[GameID "55362"]

1. d4 g6 2. e4 c6 3. c4 Bg7 4. Nf3 d5 5. cxd5 cxd5 6. exd5 Qxd5 7. Nc3 Qe6+ 8. Be2 Nh6 9. O-O O-O 10. Re1 Qb6
11. Nd5 Qd6 12. Nc3 Ng4 13. Bc4 b5 14. Bxb5 Bb7 15. Ne4 Bxe4 16. Rxe4 h5 17. Bf4 Qf6 18. h3 Nh6 19. Qd3 Nc6 20. Bxc6 Qxc6
21. Rxe7 Nf5 22. Re2 Rad8 23. Rd1 Bf6 24. Bg5 Bxg5 25. Nxg5 Nh4 26. Qe4 Qxe4 27. Rxe4 Nf5 28. d5 Nd6 29. Re7 a5 30. b3 Nf5
31. Ra7 Ra8 32. Rxa8 Rxa8 33. Kf1 a4 34. bxa4 Rxa4 35. Rd2 Rd4 36. Rxd4 Nxd4 37. Nf3 Nb5 38. Ke1 Kf8 39. Kd2 Ke7 40. a4 Na7
41. Kd3 Nc8 42. a5 Kd7 43. Kc4 Kc7 44. Ne5 f6 45. Nxg6 Ne7 46. Nxe7
1-0

[Event "SC for rating <1400"]
[Site "SchemingMind.com"]
[Date "2006.06.14"]
[Round "-"]
[White "Neutrino"]
[Black "iain"]
[Result "1-0"]
[WhiteCountry "EGY"]
[BlackCountry "USA"]
[WhiteElo "1591"]
[WhiteRD "107"]
[BlackElo "1400"]
[BlackRD "54"]
[GameID "55363"]

1. d4 d6 2. e4 Nf6 3. Bd3 g6 4. c4 Bg7 5. Nf3 O-O 6. O-O c5 7. d5 e6 8. Nc3 exd5 9. exd5 Nbd7 10. Re1 a6
11. a4 Re8 12. Bf4 Qb6 13. Qc2 Qc7 14. Rxe8+ Nxe8 15. Re1 Nef6 16. Qd2 Nb6 17. Bh6 Bf5 18. Bxf5 Nxc4 19. Qc1 Nxb2 20. Bxg7 Kxg7
21. Bxg6 hxg6 22. Qxb2 Kh6 23. Nd2 Rb8 24. Nde4 Re8 25. Re2 b6 26. Nxf6 Rxe2 27. Qxe2 Qd8 28. Ng4+ Kg5 29. h3
1-0

[Event "SC for rating <1400"]
[Site "SchemingMind.com"]
[Date "2006.06.14"]
[Round "-"]
[White "Neutrino"]
[Black "knightrider"]
[Result "1-0"]
[WhiteCountry "EGY"]
[BlackCountry "USA"]
[WhiteElo "1591"]
[WhiteRD "107"]
[BlackElo "1485"]
[BlackRD "56"]
[GameID "55364"]

1. d4 Nf6 2. c4 g6 3. Nc3 Bg7 4. e4 d6 5. Nf3 O-O 6. Be2 e5 7. O-O Nc6 8. d5 Ne7 9. b4 a6 10. a4 b6
11. Be3 a5 12. b5 h6 13. Nd2 g5 14. h3 g4 15. hxg4 Nh7 16. g3 f6 17. Kg2 Ng5 18. Rh1 Nh7 19. Rh2 Bd7 20. Qh1 Ng5
21. Rh4 Ng6 22. Rh2 Kf7 23. Bxg5 fxg5 24. Nf1 Qf6 25. Ne3 c5 26. bxc6 Bc8 27. Nf5 Rh8 28. Nb5 Bxf5 29. gxf5 Ne7 30. Bh5+ Kf8
31. Nc7 Rc8 32. Ne6+ Kg8 33. g4 Rb8 34. Rb1 Nc8 35. Rb2 Qe7 36. Qb1 Qa7 37. Rh3 Bf8 38. Nd8 Qa6 39. Rc3 Be7 40. Nb7 b5
41. cxb5 Qb6 42. Rd2 Bf6 43. c7 Rxb7 44. Rc6 Qa7 45. Qc2 Ne7 46. Ra6 Rxc7 47. Rxa7 Rxc2 48. Rxc2 Kg7 49. Rcc7 Kf8 50. Ra8+ Kg7
51. Rxh8 Kxh8 52. b6 Ng8 53. b7
1-0

[Event "SC for rating <1400"]
[Site "SchemingMind.com"]
[Date "2006.06.14"]
[Round "-"]
[White "Neutrino"]
[Black "mart_r3000"]
[Result "1-0"]
[WhiteCountry "EGY"]
[BlackCountry "ENG"]
[WhiteElo "1591"]
[WhiteRD "107"]
[BlackElo "1319"]
[BlackRD "55"]
[GameID "55365"]

1. d4 f5 2. g3 Nf6 3. Bg2 d5 4. Nf3 Nc6 5. O-O e6 6. Nbd2 Bd6 7. c4 O-O 8. cxd5 Nxd5 9. Nc4 Be7 10. Nfe5 Nxe5
11. Nxe5 Nf6 12. e3 Nd5 13. Qb3 Nf6 14. Bd2 Rb8 15. Rac1 Ne8 16. Nc6 bxc6 17. Qxb8 Nf6 18. Bxc6 h5 19. Bg2 h4 20. Qxc7 Qxc7
21. Rxc7 Re8 22. Rfc1 Ba6 23. Rxa7 Be2 24. Bc6 Rb8 25. Rxe7 h3 26. b4 Ne4 27. Bxe4 fxe4 28. Rcc7 Kh7 29. Rxg7+ Kh6 30. Rh7+ Kg6
31. a4 Bb5 32. axb5 Ra8 33. Ra7 Rf8 34. b6 Rd8 35. Rhc7 Kh5 36. b7 Kg4 37. Ra8 Rd5 38. b8=Q Kf3 39. Kf1 e5 40. Rf7+
1-0

[Event "SC for rating <1400"]
[Site "SchemingMind.com"]
[Date "2006.06.14"]
[Round "-"]
[White "Manfred Kraut"]
[Black "Neutrino"]
[Result "0-1"]
[WhiteCountry "GER"]
[BlackCountry "EGY"]
[WhiteElo "1321"]
[WhiteRD "70"]
[BlackElo "1463"]
[BlackRD "82"]
[GameID "55366"]

1. e4 c5 2. d4 cxd4 3. c3 dxc3 4. Nxc3 Nc6 5. Nf3 d6 6. Bc4 e6 7. O-O Nf6 8. e5 dxe5 9. Qxd8+ Nxd8 10. Nxe5 Bd6
11. Bf4 O-O 12. g3 a6 13. Rfd1 Bxe5 14. Bxe5 Nd7 15. Bd6 Re8 16. b4 b5 17. Bd3 Bb7 18. a4 Nc6 19. axb5 axb5 20. Rxa8 Rxa8
21. Bxb5 Nf6 22. Nd5 Nxd5 23. f4 Ncxb4 24. Kg2 Ne3+
0-1

[Event "SC for rating <1400"]
[Site "SchemingMind.com"]
[Date "2006.06.14"]
[Round "-"]
[White "iain"]
[Black "Neutrino"]
[Result "0-1"]
[WhiteCountry "USA"]
[BlackCountry "EGY"]
[WhiteElo "1400"]
[WhiteRD "54"]
[BlackElo "1591"]
[BlackRD "107"]
[GameID "55367"]

1. e4 c5 2. Nf3 d6 3. d4 cxd4 4. Nxd4 Nf6 5. Nc3 e5 6. Nf3 Be7 7. Be2 Nc6 8. O-O O-O 9. a3 a6 10. a4 b6
11. Nh4 Nxe4 12. Nf5 Bxf5 13. Nxe4 Bxe4 14. c3 Bg5 15. Bxg5 Qxg5 16. f3 Bf5 17. Kh1 a5 18. Qxd6 Qf6 19. Qxf6 gxf6 20. g4 Be6
21. f4 exf4 22. Rxf4 Kg7 23. Bc4 Bxc4 24. Rxc4 Rac8 25. Rd1 Ne5 26. Rxc8 Rxc8 27. h3 Rc4 28. Rd4 Rxd4 29. cxd4 Nd7 30. Kg2 Kf8
31. Kf3 Ke7 32. Ke4 Kd6 33. h4 h6 34. b3 Nf8 35. h5 Nh7 36. d5 Kc5
0-1

[Event "SC for rating <1400"]
[Site "SchemingMind.com"]
[Date "2006.06.14"]
[Round "-"]
[White "knightrider"]
[Black "Neutrino"]
[Result "1-0"]
[WhiteCountry "USA"]
[BlackCountry "EGY"]
[WhiteElo "1485"]
[WhiteRD "56"]
[BlackElo "1591"]
[BlackRD "107"]
[GameID "55368"]

1. e4 c5 2. Nf3 d6 3. Nc3 Nc6 4. d4 cxd4 5. Nxd4 e5 6. Nf3 Nf6 7. Bc4 Be7 8. Be3 O-O 9. O-O a6 10. Nd5 Nxd5
11. Bxd5 Kh8 12. a3 f5 13. g3 fxe4 14. Bxe4 Be6 15. Bxc6 bxc6 16. Nd2 Rb8 17. Qc1 Bg5 18. Ne4 Bxe3 19. Qxe3 Rxb2 20. Ng5 Bd7
21. Rad1 Qf6 22. h4 Rxc2 23. Ne4 Qe7 24. Nxd6 Bf5 25. Nxf5 Rxf5 26. Qe4 Rfxf2 27. Rxf2 Rxf2 28. Kxf2 Qc5+ 29. Ke1 Qc3+ 30. Kf1 Kg8
31. Rd8+ Kf7 32. Qf5+ Ke7 33. Qd7+ Kf6 34. Rf8+
1-0

[Event "SC for rating <1400"]
[Site "SchemingMind.com"]
[Date "2006.06.14"]
[Round "-"]
[White "mart_r3000"]
[Black "Neutrino"]
[Result "1/2-1/2"]
[WhiteCountry "ENG"]
[BlackCountry "EGY"]
[WhiteElo "1319"]
[WhiteRD "55"]
[BlackElo "1591"]
[BlackRD "107"]
[GameID "55369"]

1. e4 c5 2. Nf3 d6 3. Bb5+ Bd7 4. Qe2 a6 5. Bc4 e6 6. e5 Nc6 7. exd6 Bxd6 8. d3 Nf6 9. Bg5 h6 10. Be3 b5
11. Bb3 O-O 12. c3 Qc7 13. g3 Rad8 14. Nbd2 a5 15. O-O-O a4 16. Bc2 Ra8 17. c4 b4 18. d4 cxd4 19. Nxd4 Nxd4 20. Bxd4 Be7
21. Ne4 Nxe4 22. Qxe4 f5 23. Qe5 Qxe5 24. Bxe5 Bc6 25. Rhg1 Rfd8 26. f4 Bc5 27. Rge1 g5 28. Rd2 Rxd2 29. Kxd2 Rd8+ 30. Kc1 Kf7=
1/2-1/2

[Event "SC for rating <1400"]
[Site "SchemingMind.com"]
[Date "2006.06.15"]
[Round "-"]
[White "Tahur"]
[Black "Manfred Kraut"]
[Result "0-1"]
[WhiteCountry "ARG"]
[BlackCountry "GER"]
[WhiteElo "1365"]
[WhiteRD "72"]
[BlackElo "1321"]
[BlackRD "70"]
[GameID "55433"]

1. e4 e5 2. Nc3 Nf6 3. Bc4 Bc5 4. Qf3 O-O 5. d3 d6 6. Bg5 h6 7. Bxf6 Qxf6 8. Qxf6 gxf6 9. Nb5 Na6 10. c3 c6
11. d4 exd4 12. cxd4 Bxd4 13. Nxd4 c5 14. Nf5 Nb4 15. Rd1 Re8 16. Nxh6+ Kg7 17. Nxf7 Rxe4+ 18. Ne2 Rxc4 19. b3 Rc2 20. Nxd6 b6
21. Nf4 Nxa2 22. Nxc8 Rxc8 23. O-O Nc3 24. Rd7+ Kh6 25. Rxa7 Ne2+ 26. Nxe2 Rxe2 27. Ra6 Rb8 28. h3 f5 29. f4 Rb2 30. Ra3 b5
31. Ra6+ Kg7 32. Rf3 c4 33. bxc4 bxc4 34. Ra5 Kf6 35. h4 Rc8 36. Ra6+ Ke7 37. h5 c3 38. Ra1 c2 39. Rff1 Kf6 40. Kh2 Rh8
41. Ra6+ Kg7 42. h6+ Rxh6+ 43. Rxh6 Kxh6 44. Rc1 Kh5 45. g3 Kg4 46. Kg2 Ra2= 47. Kf2 Rb2= 48. Ke3 Kxg3 49. Kd2= Kxf4 50. Rxc2 Rxc2+
51. Kxc2 Ke3 52. Kd1 f4 53. Ke1 f3 54. Kf1 f2 55. Kg2 Ke2 56. Kh2 f1=Q 57. Kg3 Ke3 58. Kg4 Qf4+ 59. Kh5 Qg3 60. Kh6 Kf4
61. Kh7 Kf5 62. Kh8 Kf6
0-1

[Event "SC for rating <1400"]
[Site "SchemingMind.com"]
[Date "2006.06.15"]
[Round "-"]
[White "Tahur"]
[Black "Neutrino"]
[Result "0-1"]
[WhiteCountry "ARG"]
[BlackCountry "EGY"]
[WhiteElo "1365"]
[WhiteRD "72"]
[BlackElo "1463"]
[BlackRD "82"]
[GameID "55434"]

1. e4 c5 2. Nc3 Nc6 3. Bc4 e6 4. d3 Nf6 5. Bg5 Be7 6. Nf3 O-O 7. O-O d6 8. h3 a6 9. h4 b5 10. Bb3 h6
11. Bxf6 Bxf6 12. g3 Bb7 13. Rb1 Nd4 14. Nxd4 Bxd4 15. Qd2 d5 16. exd5 exd5 17. Ne2 Be5 18. Qe3 Bd6 19. c4 Re8 20. Qd2 d4
21. a4 b4 22. Nf4 Bxf4 23. Qxf4 Qd7 24. Ra1 Qc6 25. f3 Re3 26. Rad1 Rxf3 27. Rxf3 Qxf3 28. Qxf3 Bxf3 29. Re1 Kf8 30. Re5 Rc8
31. a5 f6 32. Re6 Bb7 33. Rb6 Rc7 34. Rd6= Ke7 35. Rb6= Kd7 36. Ba4+ Kc8 37. Re6 Kb8 38. Re8+ Ka7 39. Kf2 Bc8 40. Kf3 Bf5
41. Bc2 Bg6 42. Rd8 Re7 43. g4 Re3+ 44. Kf4 Bxd3 45. Bxd3 Rxd3 46. Rd7+ Kb8 47. Rxg7 Rb3 48. Rg6 Rxb2 49. Rxf6 Rf2+ 50. Ke5 Rxf6
51. Kxf6 d3 52. g5 hxg5 53. hxg5 d2 54. g6 d1=Q 55. g7 Qd4+ 56. Kf7 Qxg7+ 57. Kxg7 b3 58. Kf6 b2 59. Ke6 b1=Q 60. Kd6 Qf5
61. Kc6 Qe6+ 62. Kxc5 Kc7 63. Kb4 Kc6 64. Kc3 Kc5 65. Kb3 Qxc4+ 66. Kb2 Kb4
0-1

[Event "SC for rating <1400"]
[Site "SchemingMind.com"]
[Date "2006.06.15"]
[Round "-"]
[White "Tahur"]
[Black "iain"]
[Result "0-1"]
[WhiteCountry "ARG"]
[BlackCountry "USA"]
[WhiteElo "1383"]
[WhiteRD "81"]
[BlackElo "1376"]
[BlackRD "56"]
[GameID "55435"]

1. e4 d6 2. Nc3 Nf6 3. Nf3 g6 4. Bc4 Bg7 5. Ng5 O-O 6. O-O a6 7. d3 e6 8. Be3 d5 9. e5 Ne8 10. Bc5 Nd6
11. Bxd6 cxd6 12. Bxd5 exd5 13. f4 dxe5 14. g3 d4 15. Nce4 exf4 16. Rxf4 Nc6 17. h4 f5 18. Nc5 Qe7 19. Nb3 Qe3+ 20. Kh2 Be5
21. Rf3 Bxg3+ 22. Rxg3 Qf2+ 23. Rg2 Qxh4+ 24. Kg1 Qf4 25. c3 Qe3+ 26. Kf1 Qf4+ 27. Qf3 Qxf3+ 28. Nxf3 dxc3 29. bxc3 b6 30. Re1 Bb7
31. Rh2 Rfe8 32. Rxe8+ Rxe8 33. Ng5 Ne5 34. d4 Nf3 35. Rxh7 Bd5 36. Rd7 Bxb3 37. Nxf3 Bxa2 38. Rd6 Bc4+ 39. Kg2 Re2+ 40. Kg3 Rc2
41. Rxg6+ Kh7 42. Rc6 Rxc3 43. d5 Rxf3+ 44. Kh4 Bxd5 45. Rxb6 Rf4+ 46. Kg5 Rf2 47. Rxa6 f4 48. Rd6 Ba2 49. Rd7+ Kg8 50. Kg6 Rg2+
51. Kh6 f3 52. Rd1 f2 53. Kh5 Rg1
0-1

[Event "SC for rating <1400"]
[Site "SchemingMind.com"]
[Date "2006.06.15"]
[Round "-"]
[White "Tahur"]
[Black "knightrider"]
[Result "0-1"]
[WhiteCountry "ARG"]
[BlackCountry "USA"]
[WhiteElo "1383"]
[WhiteRD "81"]
[BlackElo "1430"]
[BlackRD "58"]
[GameID "55436"]

1. e4 e5 2. Bc4 Nf6 3. Qf3 Nc6 4. g4 Nd4 5. Qd3 Bc5 6. Nf3 d6 7. h3 d5 8. Nc3 dxc4 9. Qxc4 Nxc2+ 10. Kd1 Nxa1
11. Nxe5 O-O 12. Qxc5 b6 13. Qc6 Rb8 14. g5 Bb7 15. Qc4 Nh5 16. g6 Qf6 17. gxh7+ Kxh7 18. Nd7 Qf3+ 19. Qe2 Qxh1+ 20. Qe1 Qxh3
21. Nxf8+ Rxf8 22. b3 Qd3 23. Ba3 Bxe4 24. Nxe4 Re8 25. Ng5+ Kg6 26. Qxe8 Qf1+ 27. Qe1 Qxe1+ 28. Kxe1 Nc2+ 29. Kf1 Nxa3 30. Nf3 c5
31. Ne5+ Kf6 32. Ng4+ Kg5 33. Ne5 f6 34. Nf3+ Kf4 35. Nh2 g5 36. Kg2 Nc2 37. Kf1 g4 38. Kg2 Ne1+ 39. Kf1 Nf3 40. Nxf3 gxf3
41. Ke1 Ke4 42. Kd1 Nf4 43. a3 Nd3 44. a4 Nxf2+ 45. Ke1 Nd3+ 46. Kd1 a6 47. a5 bxa5
0-1

[Event "SC for rating <1400"]
[Site "SchemingMind.com"]
[Date "2006.06.15"]
[Round "-"]
[White "Tahur"]
[Black "mart_r3000"]
[Result "1-0"]
[WhiteCountry "ARG"]
[BlackCountry "ENG"]
[WhiteElo "1383"]
[WhiteRD "81"]
[BlackElo "1246"]
[BlackRD "56"]
[GameID "55437"]

1. e4 e5 2. Nc3 Bc5 3. Bc4 Qh4 4. Qf3 Nc6 5. Qxf7+ Kd8 6. Qxg7 Qxf2+ 7. Kd1 d6 8. Qxh8 Ne7 9. Qg7 Kd7 10. Nf3 Kc6
11. Bb5+ Kb6 12. Rf1 Qxf1+ 13. Bxf1 Be6 14. Na4+ Ka5 15. Nxc5 Bf5 16. Nb3+ Kb6 17. d3 Be6 18. Bg5 Re8 19. a4 a5 20. Bxe7 Nxe7
21. Qxh7 Bg8 22. Qh5 Rf8 23. d4 Rf4 24. Bd3 Nc6 25. Qg5 Be6 26. d5 Nd4 27. Nbxd4 Bd7 28. Qe7 Bg4 29. h3 Bh5 30. Ne6 Bxf3+
31. Kc1 Bxg2 32. Nxf4
1-0

[Event "SC for rating <1400"]
[Site "SchemingMind.com"]
[Date "2006.06.15"]
[Round "-"]
[White "Manfred Kraut"]
[Black "Tahur"]
[Result "0-1"]
[WhiteCountry "GER"]
[BlackCountry "ARG"]
[WhiteElo "1284"]
[WhiteRD "68"]
[BlackElo "1383"]
[BlackRD "81"]
[GameID "55438"]

1. e4 e5 2. Nc3 Bc5 3. Nf3 Nc6 4. Bc4 Nf6 5. d3 Ng4 6. O-O O-O 7. Qe2 d6 8. Bg5 Nf6 9. Nd5 Be6 10. Nxf6+ gxf6
11. Bh6 Re8 12. Bxe6 Rxe6 13. c3 f5 14. Ng5 Rxh6 15. d4 exd4 16. Qc4 Qxg5 17. g3 fxe4 18. cxd4 Nxd4 19. f4 Qg4 20. Rad1 Qe2
21. Qxe2 Nxe2+ 22. Kg2 Re6 23. Rd5 c6 24. Rg5+ Rg6 25. Rxg6+ fxg6 26. Rd1 a5 27. a3 b5 28. Re1 Nd4 29. Rxe4 b4 30. axb4 axb4
31. Kh3 d5 32. Re1 Ra2 33. Re8+ Kf7 34. Re5 Rxb2 35. g4 Nf3
0-1

[Event "SC for rating <1400"]
[Site "SchemingMind.com"]
[Date "2006.06.16"]
[Round "-"]
[White "Neutrino"]
[Black "Tahur"]
[Result "1-0"]
[WhiteCountry "EGY"]
[BlackCountry "ARG"]
[WhiteElo "1591"]
[WhiteRD "107"]
[BlackElo "1403"]
[BlackRD "73"]
[GameID "55439"]

1. d4 d5 2. c4 dxc4 3. Nc3 Nc6 4. Nf3 Nf6 5. e4 Bg4 6. Be2 e6 7. Be3 Bb4 8. e5 Nd5 9. Qc2 a6 10. Bxc4 Bxf3
11. gxf3 Qd7 12. a3 Bxc3+ 13. bxc3 Nxe3 14. fxe3 O-O-O 15. a4 Na5 16. Bd3 g6 17. Rb1 Qd5 18. Ke2 f5 19. exf6 Rhf8 20. e4 Qc6
21. e5 Nc4 22. Bxc4 Qxc4+ 23. Kd2 c5 24. Qb3 Qxb3 25. Rxb3 cxd4 26. Kd3 Rd5 27. cxd4 Rfd8 28. Rc1+ Kd7 29. Rxb7+ Ke8 30. Re7+ Kf8
31. Rxe6 Rxd4+ 32. Ke3 Rxa4 33. Rc7 Ra3+ 34. Kf4 Ra4+ 35. Kg3 a5 36. Rxh7 Kg8 37. Ree7 Rc4 38. Reg7+ Kf8 39. Rh8#
1-0